| 000 | 00876nas a2200277 4500 | ||
|---|---|---|---|
| 001 | BR7306142 | ||
| 003 | BR-BrBNA | ||
| 005 | 20231205082600.0 | ||
| 007 | ta | ||
| 008 | 230509b bl.|||p| |||| 00| 00por d | ||
| 040 |
_aBR-BrBNA _bpor _cBiblioteca Nacional de Agricultura |
||
| 041 | _a(Pt) | ||
| 072 | _aL00 | ||
| 100 | 1 | _aMendonca Junior, C.X. de | |
| 100 | 1 | _aAndreasi, F. | |
| 100 | 1 | _aPrada, F. | |
| 100 | 1 | _aVeiga, J.S.M. | |
| 100 | 1 | _aMendonca, S.M.A. | |
| 245 | 1 | _aPeso e rendimento da carcaca em duas linhagens de aves para corte [frango de corte] | |
| 650 | _aFRANGO DE CORTE | ||
| 650 | _aABATE | ||
| 650 | _aCARCACA | ||
| 773 | 0 |
_tRevista da Faculdade de Medicina Veterinaria e Zootecnia da Universidade de Sao Paulo (Brazil) _xISSN 0303-7525 _g(1975), v. 12 p. 149-162 _wBR7306142 |
|
| 909 |
_a202311 _bLúcia _c55 _dLúcia Elande |
||
| 942 |
_2AGRIS _n0 _cANA |
||
| 999 |
_c92992 _d92992 |
||